000 00475 a2200169 4500
999 _c8583
_d8583
020 _a0435906321
050 _aPQ3989.2 BET 1971
100 1 _aBeti, Mongo,
_d1932-2001.
245 1 4 _aThe Poor Christ of Bomba/
_cMongo, Beti
264 _aJohannesburg:
_bHeinnemann,
_c1971.
300 _a 219 p.
500 _aTranslation of Le pauvre Christ de Bomba.
650 _aAfrica -- Fiction.
650 _aFrench fiction.
651 0 _aAfrica
942 _2lcc
_cBK
_h3989.2
_iBET
_kPQ